| 000 | 00384nam a2200133Ia 4500 | ||
|---|---|---|---|
| 008 | 220216s9999 xx 000 0 und d | ||
| 100 | _aSeneviratne P | ||
| 245 | 0 | _aAcclimitization of micropropagated plants of Hevea | |
| 260 |
_bJournal of the Rubber Research Institute of Sri Lanka _c1993 |
||
| 300 | _a20-30 | ||
| 700 | _aWijesekara G A S | ||
| 700 | _aZoysa G M de | ||
| 942 | _cJS | ||
| 999 |
_c53740 _d53740 |
||